[Event "Quebec-ch 1/8 final"]
[Site "Shawinigan CAN"]
[Date "2001.06.03"]
[Round "5"]
[White "Larochelle, Martial"]
[Black "Masse, Hugues"]
[Result "0-1"]
[WhiteElo "2156"]
[BlackElo "2171"]
[PlyCount "126"]
[GameId "2160767911564581"]
[EventDate "2001.06.01"]
[EventType "swiss"]
[EventRounds "5"]
[EventCountry "CAN"]

1. d4 Nf6 2. Nf3 g6 3. Nc3 d5 4. Bf4 Bg7 5. e3 O-O 6. Be2 c5 7. O-O cxd4 8. exd4 Nc6 9. Ne5 Bf5 10. Nxc6 bxc6 11. Be5 Ne4 12. Nxe4 Bxe4 13. Bxg7 Kxg7 14. c3 Qb6 15. Qd2 Bf5 16. b4 a5 17. a3 Ra7 18. Qe3 Rfa8 19. Rfc1 Bc8 20. bxa5 Qxa5 21. c4 Qd8 22. cxd5 cxd5 23. Rc5 e6 24. h3 Ba6 25. Bd1 Bc4 26. a4 Ra5 27. Rxa5 Rxa5 28. Rb1 Qc7 29. Qd2 Ra8 30. Ra1 Qa5 31. Qe3 Qb4 32. h4 Qe7 33. h5 Qf6 34. h6+ Kg8 35. Bg4 g5 36. Qh3 Qxd4 37. Ra3 Rb8 38. Bxe6 Rb1+ 39. Kh2 Qe5+ 40. Rg3 Qxe6 41. Qh4 f6 42. Qd4 Rb7 43. Qc5 Kf7 44. f4 g4 45. Re3 Qd7 46. Qd4 Qf5 47. Kg3 Re7 48. Rxe7+ Kxe7 49. Qc5+ Kd7 50. Qa7+ Kc6 51. Qa8+ Kc5 52. Qa5+ Kd4 53. Qb6+ Ke4 54. Qb1+ Bd3 55. Qe1+ Kd4 56. Qb4+ Bc4 57. Qb6+ Kc3 58. Qa5+ Kc2 59. Qb6 Qe4 60. a5 f5 61. a6 Qe1+ 62. Kh2 Qh4+ 63. Kg1 g3 0-1

[Event "Quebec-ch 1/8 final"]
[Site "Shawinigan CAN"]
[Date "2001.06.03"]
[Round "5"]
[White "Loranger, Stephane"]
[Black "Paz, Roman"]
[Result "0-1"]
[WhiteElo "1866"]
[BlackElo "2046"]
[PlyCount "52"]
[GameId "2160767911564582"]
[EventDate "2001.06.01"]
[EventType "swiss"]
[EventRounds "5"]
[EventCountry "CAN"]

1. e4 c6 2. c4 d5 3. cxd5 cxd5 4. exd5 Qxd5 5. Nc3 Qd8 6. Bb5+ Bd7 7. a4 e6 8. Nf3 a6 9. Bc4 Nf6 10. O-O Qc7 11. d3 Bc6 12. Qe2 Bxf3 13. Qxf3 Bd6 14. Bg5 Nbd7 15. Rac1 Bxh2+ 16. Kh1 Ne5 17. Qh3 Nxc4 18. Bxf6 Bf4 19. Rc2 Nd2 20. Re1 Qa5 21. Bxg7 Rg8 22. Qxh7 Rxg7 23. Qh4 Qf5 24. Ne4 Rh7 25. Qxh7 Qxh7+ 26. Kg1 Qh2# 0-1

[Event "Quebec-ch 1/8 final"]
[Site "Shawinigan CAN"]
[Date "2001.06.03"]
[Round "5"]
[White "Soudre, Nicolas"]
[Black "Moisan-Plante, Marc-Olivier"]
[Result "1-0"]
[WhiteElo "2176"]
[BlackElo "2135"]
[PlyCount "65"]
[GameId "2160767911564583"]
[EventDate "2001.06.01"]
[EventType "swiss"]
[EventRounds "5"]
[EventCountry "CAN"]

1. e4 e5 2. Nf3 Nc6 3. d4 exd4 4. Bc4 Nf6 5. O-O Bc5 6. e5 d5 7. exf6 dxc4 8. Re1+ Be6 9. Ng5 Qd5 10. Nc3 Qf5 11. Nce4 O-O-O 12. g4 Qe5 13. fxg7 Rhg8 14. Nxe6 fxe6 15. Bh6 d3 16. c3 d2 17. Re2 Rd3 18. Nxc5 Qxc5 19. Rxd2 Ne5 20. Rxd3 cxd3 21. Kg2 Qd5+ 22. Kg3 d2 23. Qe2 Nf7 24. Qxd2 Nxh6 25. Qxh6 Qe5+ 26. Qf4 Qxg7 27. Re1 h5 28. h3 hxg4 29. hxg4 Qg6 30. Qe4 Qxe4 31. Rxe4 Kd7 32. f4 Ke7 33. f5 1-0

[Event "Quebec-ch 1/8 final"]
[Site "Shawinigan CAN"]
[Date "2001.06.03"]
[Round "5"]
[White "Tessier, Olivier"]
[Black "Bannon, Eric"]
[Result "0-1"]
[WhiteElo "2028"]
[BlackElo "2062"]
[PlyCount "106"]
[GameId "2160767911564584"]
[EventDate "2001.06.01"]
[EventType "swiss"]
[EventRounds "5"]
[EventCountry "CAN"]

1. Nf3 Nf6 2. g3 g6 3. b4 Bg7 4. Bb2 O-O 5. c4 d6 6. Bg2 e5 7. d3 a5 8. b5 Nbd7 9. O-O Nc5 10. Na3 e4 11. Ne1 Re8 12. d4 Ncd7 13. Nec2 Nb6 14. Ne3 Ng4 15. Nac2 Na4 16. Bc1 Nxe3 17. Bxe3 Nb6 18. Na3 Qe7 19. Rc1 d5 20. c5 Nd7 21. b6 c6 22. Bf4 f5 23. Rc3 g5 24. Bd6 Qf6 25. Nc2 Nxb6 26. Be5 Rxe5 27. dxe5 Qxe5 28. Rb3 Nd7 29. f4 exf3 30. exf3 Nxc5 31. Re3 Qd6 32. Rfe1 Bd7 33. Nd4 Rf8 34. Nb3 Nxb3 35. Rxb3 b5 36. f4 g4 37. Rbe3 d4 38. Re7 c5 39. a4 Bf6 40. Rxd7 Qxd7 41. axb5 Qxb5 42. h3 h5 43. hxg4 hxg4 44. Bd5+ Kg7 45. Re6 c4 46. Bc6 Qc5 47. Qb1 d3+ 48. Kg2 Rf7 49. Qh1 c3 50. Qh5 c2 51. Rxf6 Rxf6 52. Be8 Qd5+ 53. Kh2 Rh6 0-1

[Event "Quebec-ch KO"]
[Site "Montreal CAN"]
[Date "2001.06.16"]
[Round "2.1"]
[White "Hua, Lefong"]
[Black "Khassanov, Marat"]
[Result "0-1"]
[WhiteElo "2267"]
[BlackElo "2363"]
[PlyCount "86"]
[GameId "2160767911564528"]
[EventDate "2001.06.02"]
[EventType "k.o."]
[EventRounds "3"]
[EventCountry "CAN"]
[SourceTitle "EXT 2002"]
[Source "ChessBase"]
[SourceDate "2001.11.25"]
[SourceVersion "1"]
[SourceVersionDate "2001.11.25"]
[SourceQuality "1"]

1. c4 c5 2. Nc3 Nc6 3. Nf3 g6 4. g3 Bg7 5. Bg2 e5 6. O-O Nge7 7. d3 O-O 8. Rb1 d6 9. Ne1 Be6 10. Nd5 Rb8 11. Bg5 f6 12. Bd2 a6 13. a3 b5 14. b4 Qd7 15. Nc2 Bh3 16. Bxh3 Qxh3 17. bxc5 dxc5 18. cxb5 axb5 19. Nc7 e4 20. Na6 Ne5 21. Ne3 Nf5 22. f3 exf3 23. exf3 Rbc8 24. Rxb5 Nd4 25. Rxc5 Ra8 26. Nb4 Rxa3 27. Rd5 Ra1 28. Qxa1 Ndxf3+ 29. Kf2 Nxd2 30. Rh1 Ng4+ 31. Nxg4 Qxg4 32. Rd1 Qf3+ 33. Kg1 Bh6 34. Re1 Be3+ 35. Rxe3 Qxe3+ 36. Kh1 Qf3+ 37. Kg1 Re8 38. Rd7 Qe3+ 39. Kh1 Qf3+ 40. Kg1 Qe3+ 41. Kh1 Qf2 42. Nc2 Nf3 43. Qa2+ Kh8 0-1

[Event "Quebec-ch KO"]
[Site "Montreal CAN"]
[Date "2001.06.17"]
[Round "2.2"]
[White "Khassanov, Marat"]
[Black "Hua, Lefong"]
[Result "0-1"]
[WhiteElo "2363"]
[BlackElo "2267"]
[PlyCount "96"]
[GameId "2160767911564529"]
[EventDate "2001.06.02"]
[EventType "k.o."]
[EventRounds "3"]
[EventCountry "CAN"]
[SourceTitle "EXT 2002"]
[Source "ChessBase"]
[SourceDate "2001.11.25"]
[SourceVersion "1"]
[SourceVersionDate "2001.11.25"]
[SourceQuality "1"]

1. d4 Nf6 2. c4 c5 3. d5 e6 4. Nc3 exd5 5. cxd5 Bd6 6. g3 Bc7 7. Bg2 d6 8. Nf3 O-O 9. O-O a6 10. a4 Re8 11. b3 Nbd7 12. Bb2 Rb8 13. Qd3 Ba5 14. h3 b5 15. Nd1 h6 16. Ne3 Bb6 17. axb5 axb5 18. Qc3 Nf8 19. Rfd1 Ng6 20. Ra2 Qe7 21. Ba1 Bd7 22. Ng4 Bxg4 23. hxg4 Ra8 24. Rxa8 Rxa8 25. e3 Ra2 26. g5 hxg5 27. Nxg5 Ne5 28. Bb2 Nfg4 29. Nh3 Ba5 30. Qc2 Bb4 31. Qb1 Ra8 32. Qe4 Nf6 33. Qf5 Qd7 34. Qxd7 Nfxd7 35. Bf1 c4 36. bxc4 bxc4 37. Rc1 Bd2 38. Rc2 Ra2 39. f4 c3 40. fxe5 Rxb2 41. Bd3 Nxe5 42. Be4 Nc4 43. Kf2 Rxc2 44. Bxc2 Nxe3 45. Bb3 c2 46. Bxc2 Nxc2 47. Ke2 Bh6 48. g4 f6 0-1

[Event "Quebec-ch KO"]
[Site "Montreal CAN"]
[Date "2001.06.17"]
[Round "2.3"]
[White "Khassanov, Marat"]
[Black "Hua, Lefong"]
[Result "1-0"]
[WhiteElo "2363"]
[BlackElo "2267"]
[PlyCount "95"]
[GameId "2160767911564530"]
[EventDate "2001.06.02"]
[EventType "k.o."]
[EventRounds "3"]
[EventCountry "CAN"]
[SourceTitle "EXT 2002"]
[Source "ChessBase"]
[SourceDate "2001.11.25"]
[SourceVersion "1"]
[SourceVersionDate "2001.11.25"]
[SourceQuality "1"]

1. d4 Nf6 2. c4 c5 3. d5 e6 4. Nc3 exd5 5. cxd5 Bd6 6. a3 Bc7 7. g3 d6 8. Bg2 O-O 9. b4 Nbd7 10. Nf3 a6 11. O-O Re8 12. Re1 b5 13. e4 Bb6 14. h3 Rb8 15. Bf4 Ne5 16. Nxe5 dxe5 17. Be3 Qd6 18. Qb3 c4 19. Qb2 Bxe3 20. Rxe3 Bd7 21. Kh2 Nh5 22. Qe2 g6 23. Re1 Ra8 24. h4 Nf6 25. f3 h5 26. Bh3 Bxh3 27. Kxh3 a5 28. Kg2 axb4 29. axb4 Reb8 30. Qb2 Qa6 31. Rd1 Ne8 32. Re2 Nd6 33. f4 f6 34. fxe5 fxe5 35. Qd2 Kg7 36. Rf1 Rf8 37. Ref2 Nf7 38. d6 Qc6 39. Rf6 Ra3 40. Rxf7+ Rxf7 41. Rxf7+ Kxf7 42. d7 Ra8 43. d8=Q Rxd8 44. Qxd8 Qa6 45. Nd5 Qa2+ 46. Kh3 Kg7 47. Qf6+ Kh7 48. Ne7 1-0

[Event "Quebec-ch U10"]
[Site "Montreal CAN"]
[Date "2001.03.09"]
[Round "1"]
[White "Khaziyeva, Fatima"]
[Black "Jorge, Ivan"]
[Result "0-1"]
[WhiteElo "1012"]
[BlackElo "1125"]
[PlyCount "114"]
[GameId "2160767911565192"]
[EventDate "2001.03.09"]
[EventType "tourn"]
[EventRounds "5"]
[EventCountry "CAN"]

1. b3 d5 2. Bb2 Bf5 3. g3 e6 4. Bg2 Nc6 5. d3 Nge7 6. Nd2 h6 7. e3 Nb4 8. Ne2 Qd7 9. h3 Rb8 10. a3 Nbc6 11. O-O a6 12. g4 Bh7 13. Ng3 Ng6 14. Qe2 Nh4 15. Nf3 Nxg2 16. Kxg2 Rg8 17. Ne5 Nxe5 18. Bxe5 Bd6 19. Bxd6 Qxd6 20. f4 Qc6 21. Kg1 Qb6 22. f5 exf5 23. Nxf5 Bxf5 24. Rxf5 Qd6 25. Qg2 c6 26. b4 g6 27. Rf3 Qe5 28. Raf1 Rf8 29. d4 Qe4 30. Qf2 Qe7 31. e4 Qd7 32. exd5 Qxd5 33. Qe3+ Kd7 34. Re1 Rbe8 35. Qb3 Rxe1+ 36. Rf1 Qxd4+ 37. Kg2 Rxf1 38. Kxf1 Qf4+ 39. Kg1 Qd4+ 40. Kf1 b5 41. Qd3 Qxd3+ 42. cxd3 Re8 43. h4 Re3 44. d4 Rxa3 45. g5 hxg5 46. hxg5 Ra4 47. Kf2 Rxb4 48. Ke3 Ke6 49. Ke4 c5 50. Kd3 Rxd4+ 51. Kc3 Kd5 52. Kb3 Rc4 53. Ka3 Rb4 54. Ka2 Kc4 55. Ka1 Kc3 56. Ka2 Kc2 57. Ka1 Ra4# 0-1

[Event "Quebec-ch U10"]
[Site "Montreal CAN"]
[Date "2001.03.10"]
[Round "2"]
[White "Jorge, Ivan"]
[Black "Rozybakiyev, Rasul"]
[Result "1/2-1/2"]
[WhiteElo "1125"]
[BlackElo "907"]
[PlyCount "149"]
[GameId "2160767911565196"]
[EventDate "2001.03.09"]
[EventType "tourn"]
[EventRounds "5"]
[EventCountry "CAN"]

1. d4 d5 2. Nc3 Nf6 3. Bf4 e6 4. Nf3 c5 5. Nb5 Qa5+ 6. Nc3 Nc6 7. a3 c4 8. b4 cxb3 9. Bd2 bxc2 10. Qxc2 Qd8 11. e3 a6 12. Bd3 Bd6 13. h3 e5 14. dxe5 Bxe5 15. Nxe5 Nxe5 16. Bf5 Bxf5 17. Qxf5 Nc4 18. Qd3 Nxd2 19. Qxd2 Ne4 20. Nxe4 dxe4 21. Rd1 Qxd2+ 22. Rxd2 O-O 23. O-O Rfe8 24. Rc1 Rac8 25. Rxc8 Rxc8 26. Kf1 Kf8 27. Rd4 f5 28. Ke2 Rc2+ 29. Ke1 Ra2 30. a4 Ke7 31. Rb4 Kf8 32. Kf1 Ra3 33. Kg1 Ra1+ 34. Kh2 Ra2 35. Kg1 h6 36. f3 exf3 37. gxf3 Ra3 38. Kf2 h5 39. h4 Kg8 40. e4 fxe4 41. Rxe4 Ra2+ 42. Kg3 Kh7 43. Rb4 Ra3 44. Kg2 Kg8 45. f4 a5 46. Re4 Ra2+ 47. Kf3 Kf7 48. Rc4 Kg6 49. Re4 Ra3+ 50. Kg2 Kf5 51. Re5+ Kxf4 52. Rxa5 Kg4 53. Rg5+ Kxh4 54. Rxg7 Rxa4 55. Rxb7 Ra2+ 56. Kf3 Rd2 57. Rb4+ Kg5 58. Rb5+ Kg6 59. Rb6+ Kg5 60. Rb5+ Kh4 61. Rb4+ Kh3 62. Rb5 h4 63. Rb1 Kh2 64. Rb4 h3 65. Rh4 Rg2 66. Rh5 Rg3+ 67. Kf2 Rg8 68. Kf3 Rg2 69. Rh4 Rg3+ 70. Kf2 Ra3 71. Rh5 Ra2+ 72. Kf3 Rg2 73. Rh4 Rg1 74. Kf2 Rg3 75. Rh5 1/2-1/2

[Event "Quebec-ch U10"]
[Site "Montreal CAN"]
[Date "2001.03.11"]
[Round "4"]
[White "Khaziyeva, Fatima"]
[Black "Rozybakiyev, Rasul"]
[Result "1-0"]
[WhiteElo "1012"]
[BlackElo "907"]
[PlyCount "43"]
[GameId "2160767911565202"]
[EventDate "2001.03.09"]
[EventType "tourn"]
[EventRounds "5"]
[EventCountry "CAN"]

1. b3 e6 2. Bb2 d5 3. g3 Nf6 4. Bg2 Nc6 5. d3 Bd6 6. Nd2 e5 7. e3 Be6 8. Ne2 O-O 9. h3 Bc5 10. g4 d4 11. e4 Re8 12. Ng3 Bb4 13. a3 Bc3 14. Bxc3 dxc3 15. Nf3 Nd4 16. Nxe5 Bxb3 17. cxb3 Rxe5 18. Rc1 c2 19. Qd2 Nxb3 20. Qxc2 Nxc1 21. Qxc1 Qxd3 22. Rf1 1-0

[Event "Quebec-ch U12"]
[Site "Montreal CAN"]
[Date "2001.03.09"]
[Round "1"]
[White "Mathieu, Jean-Philippe"]
[Black "Lawson, Jonathan"]
[Result "1/2-1/2"]
[WhiteElo "1270"]
[BlackElo "1433"]
[PlyCount "104"]
[GameId "2160767911565209"]
[EventDate "2001.03.09"]
[EventType "tourn"]
[EventRounds "5"]
[EventCountry "CAN"]

1. e4 e5 2. Bc4 Nc6 3. Nf3 Bc5 4. Nc3 Nf6 5. O-O O-O 6. d3 h6 7. Nd5 d6 8. h3 Be6 9. Nxf6+ Qxf6 10. Bxe6 fxe6 11. Be3 Nd4 12. Nxd4 exd4 13. Bd2 Rad8 14. Qg4 d5 15. exd5 Rxd5 16. Rae1 Rf5 17. Kh1 Rxf2 18. Rxf2 Qxf2 19. Qxe6+ Kh8 20. Qe2 Bd6 21. Qxf2 Rxf2 22. Rd1 c5 23. Kg1 Bg3 24. c3 b6 25. cxd4 cxd4 26. Be1 Rxb2 27. Bxg3 Rxa2 28. Be5 Ra4 29. Rc1 Ra5 30. Bxd4 Rd5 31. Rc4 Kh7 32. Ra4 b5 33. Rxa7 Rxd4 34. Ra3 b4 35. Rb3 Kg6 36. Kf2 Kf5 37. Ke3 Ke5 38. g3 h5 39. Kf3 g5 40. Ke3 Kd5 41. Rb2 Ke5 42. Kd2 h4 43. g4 Kf4 44. Rb1 Kg3 45. Ke3 Rf4 46. d4 Kxh3 47. Rxb4 Kxg4 48. Rb5 Rf3+ 49. Ke2 h3 50. Rxg5+ Kxg5 51. Kxf3 h2 52. Kg2 Kf5 1/2-1/2

[Event "Quebec-ch U12"]
[Site "Montreal CAN"]
[Date "2001.03.09"]
[Round "1"]
[White "Rodriguez, Aaron"]
[Black "Clyde, Ryan"]
[Result "1-0"]
[WhiteElo "1513"]
[BlackElo "1231"]
[PlyCount "165"]
[GameId "2160767911565210"]
[EventDate "2001.03.09"]
[EventType "tourn"]
[EventRounds "5"]
[EventCountry "CAN"]

1. e4 Nf6 2. e5 Ng8 3. Nf3 d6 4. Nc3 dxe5 5. Nxe5 Nd7 6. Bb5 e6 7. Nxd7 Bxd7 8. Bc4 Nf6 9. d3 g6 10. h3 Bg7 11. Be3 c6 12. Qd2 b5 13. Bb3 a5 14. a3 a4 15. Ba2 O-O 16. O-O-O Nd5 17. Nxd5 cxd5 18. Bc5 Re8 19. d4 Rc8 20. c3 Qh4 21. g3 Qd8 22. f4 Bf8 23. Bxf8 Rxf8 24. g4 Rc7 25. f5 exf5 26. Bxd5 fxg4 27. hxg4 Qf6 28. Rdf1 Qg7 29. Qf4 Ra7 30. Rh2 Be6 31. Bc6 Bd7 32. Bxd7 Rxd7 33. Rfh1 f6 34. Rxh7 Qxh7 35. Rxh7 Rxh7 36. Qe4 f5 37. Qe6+ Rff7 38. d5 Rhg7 39. d6 Kh7 40. gxf5 gxf5 41. d7 Rxd7 42. Qxf5+ Kg8 43. Qxb5 Rg1+ 44. Kc2 Rg2+ 45. Kb1 Rd1+ 46. Ka2 Rdd2 47. c4 Rc2 48. c5 Rg4 49. c6 Rgc4 50. c7 Rxc7 51. Qxa4 Rf2 52. Qe8+ Kh7 53. Qe4+ Kg8 54. Qg4+ Kf7 55. Qh5+ Kg8 56. Qg6+ Kh8 57. Qg3 Rcc2 58. Qb8+ Kg7 59. a4 Rf7 60. a5 Rcc7 61. b4 Rb7 62. Qd6 Rfd7 63. Qe5+ Kf7 64. Ka3 Re7 65. Qd5+ Ke8 66. Ka4 Red7 67. Qe6+ Kd8 68. a6 Ra7 69. b5 Kc8 70. Qc6+ Kb8 71. Ka5 Rdc7 72. Qe8+ Rc8 73. Qe5+ Ka8 74. b6 Rd7 75. Qe4+ Kb8 76. a7+ Rxa7+ 77. bxa7+ Kxa7 78. Qe7+ Ka8 79. Kb6 Rb8+ 80. Ka6 Rb6+ 81. Kxb6 Kb8 82. Qf7 Kc8 83. Qc7# 1-0

[Event "Quebec-ch U12"]
[Site "Montreal CAN"]
[Date "2001.03.09"]
[Round "1"]
[White "Ye, Ling Feng"]
[Black "Parra, Victor"]
[Result "1-0"]
[WhiteElo "1670"]
[BlackElo "1302"]
[PlyCount "119"]
[GameId "2160767911565211"]
[EventDate "2001.03.09"]
[EventType "tourn"]
[EventRounds "5"]
[EventCountry "CAN"]

1. e4 c5 2. Nf3 d6 3. d4 cxd4 4. Nxd4 Nf6 5. Nc3 g6 6. Be2 Bg7 7. O-O O-O 8. h3 Nc6 9. Nf3 Bd7 10. Re1 Rc8 11. Be3 a6 12. a3 b5 13. Bd3 Na5 14. Rb1 Nc4 15. Bxc4 Rxc4 16. Bf4 Qa8 17. Qd3 Re8 18. Bh2 Nh5 19. Nd5 Qb7 20. Kh1 f5 21. e5 Rc5 22. Nc3 dxe5 23. Nxe5 Be6 24. Qe3 Qc8 25. Nxg6 Rc6 26. Ne5 Rc5 27. Nd3 Rc6 28. Nb4 Bxc3 29. bxc3 Bd7 30. Nxc6 Qxc6 31. Qg5+ Qg6 32. Qxg6+ hxg6 33. Be5 Bc6 34. Kg1 Kf7 35. g4 fxg4 36. hxg4 Nf6 37. Bxf6 exf6 38. Rxe8 Kxe8 39. Kh2 Kd7 40. Kg3 g5 41. f4 Be4 42. fxg5 fxg5 43. Re1 Bxc2 44. Re5 Kc6 45. Rxg5 Kb6 46. Rd5 Ka5 47. Rd4 Kb6 48. g5 Kc5 49. Kf4 a5 50. Ke5 Bg6 51. Kf6 Bb1 52. g6 Bxg6 53. Kxg6 Kc6 54. Kf5 Kc5 55. Ke5 Kc6 56. Rd5 Kb6 57. Kd6 a4 58. Rc5 Ka5 59. Kc6 Ka6 60. Rxb5 1-0

[Event "Quebec-ch U12"]
[Site "Montreal CAN"]
[Date "2001.03.10"]
[Round "2"]
[White "Clyde, Ryan"]
[Black "Lawson, Jonathan"]
[Result "1/2-1/2"]
[WhiteElo "1231"]
[BlackElo "1433"]
[PlyCount "141"]
[GameId "2160767911610268"]
[EventDate "2001.03.09"]
[EventType "tourn"]
[EventRounds "5"]
[EventCountry "CAN"]

1. Nf3 Nf6 2. b3 g6 3. Bb2 Bg7 4. g3 O-O 5. Bg2 d6 6. O-O e5 7. d3 Nc6 8. Nbd2 Nh5 9. Qc1 f5 10. e3 f4 11. exf4 exf4 12. Bxg7 Kxg7 13. Qb2+ Qf6 14. Qxf6+ Rxf6 15. a3 a5 16. Rfe1 Bf5 17. Re2 Raf8 18. Ne4 Re6 19. Nc3 Ref6 20. Ng5 h6 21. Nd5 hxg5 22. Nxf6 Rxf6 23. Bxc6 bxc6 24. Re7+ Rf7 25. Rae1 Bd7 26. R1e4 c5 27. a4 Kf6 28. Rxf7+ Kxf7 29. Rc4 fxg3 30. hxg3 Be6 31. Rc3 Nf6 32. d4 Nd7 33. dxc5 Nxc5 34. f3 Ke7 35. g4 Bd5 36. Re3+ Kf7 37. Kg2 Ne6 38. Kg3 Nf4 39. c4 Bc6 40. Re1 Nd3 41. Rh1 Kg7 42. Rd1 Ne5 43. Rf1 Nd3 44. Rd1 Nc5 45. Rb1 Kf6 46. Kf2 Ke5 47. Ke3 Bd7 48. Rb2 d5 49. cxd5 Kxd5 50. Rb1 Be6 51. b4 Nxa4 52. bxa5 Nc5 53. Ra1 Bc8 54. f4 Na6 55. fxg5 Bxg4 56. Kf4 Bf5 57. Re1 c5 58. Re5+ Kd6 59. Rxf5 gxf5 60. Kxf5 Ke7 61. Ke5 Kf7 62. Kd5 Kg6 63. Kc4 Kxg5 64. Kb5 Kf4 65. Kxa6 c4 66. Kb7 c3 67. a6 c2 68. a7 c1=Q 69. a8=Q Qh1+ 70. Kb8 Qxa8+ 71. Kxa8 1/2-1/2

[Event "Quebec-ch U12"]
[Site "Montreal CAN"]
[Date "2001.03.10"]
[Round "2"]
[White "Parra, Victor"]
[Black "Mathieu, Jean-Philippe"]
[Result "1/2-1/2"]
[WhiteElo "1302"]
[BlackElo "1270"]
[PlyCount "39"]
[GameId "2160767911610269"]
[EventDate "2001.03.09"]
[EventType "tourn"]
[EventRounds "5"]
[EventCountry "CAN"]

1. c4 e5 2. Nc3 Nf6 3. g3 Bc5 4. Bg2 d6 5. e3 Be6 6. Bxb7 Nbd7 7. Bxa8 Qxa8 8. Qf3 Qxf3 9. Nxf3 Bxc4 10. Ng1 Nd5 11. Nge2 N7f6 12. Na4 Bb6 13. b3 Ba6 14. Bb2 Nb4 15. Kd1 Ne4 16. Rf1 Nd3 17. f3 Ng5 18. Rb1 Nh3 19. Ba1 Ndf2+ 20. Ke1 1/2-1/2

[Event "Quebec-ch U12"]
[Site "Montreal CAN"]
[Date "2001.03.10"]
[Round "2"]
[White "Rodriguez, Aaron"]
[Black "Ye, Ling Feng"]
[Result "1/2-1/2"]
[WhiteElo "1513"]
[BlackElo "1670"]
[PlyCount "77"]
[GameId "2160767911610270"]
[EventDate "2001.03.09"]
[EventType "tourn"]
[EventRounds "5"]
[EventCountry "CAN"]

1. e4 e5 2. Nf3 Nc6 3. Bb5 a6 4. Ba4 Nf6 5. d3 Be7 6. O-O b5 7. Bb3 d6 8. h3 O-O 9. c3 Na5 10. Bc2 c5 11. Nbd2 Nc6 12. a4 b4 13. c4 h6 14. Re1 a5 15. Nf1 Be6 16. Ng3 Nh7 17. b3 Ng5 18. Be3 Nxf3+ 19. Qxf3 Bg5 20. Rad1 Bxe3 21. fxe3 Ne7 22. Rf1 Ng6 23. Nf5 Qg5 24. Kh2 Rad8 25. Qg4 Bxf5 26. Qxg5 hxg5 27. exf5 Ne7 28. g4 d5 29. Kg3 d4 30. e4 f6 31. Rf2 g6 32. Rh1 Kf7 33. h4 Rh8 34. Rfh2 gxf5 35. gxf5 gxh4+ 36. Rxh4 Rdg8+ 37. Kf2 Rxh4 38. Rxh4 Rg5 39. Bd1 1/2-1/2

[Event "Quebec-ch U12"]
[Site "Montreal CAN"]
[Date "2001.03.10"]
[Round "3"]
[White "Lawson, Jonathan"]
[Black "Parra, Victor"]
[Result "0-1"]
[WhiteElo "1433"]
[BlackElo "1302"]
[PlyCount "64"]
[GameId "2160767911610271"]
[EventDate "2001.03.09"]
[EventType "tourn"]
[EventRounds "5"]
[EventCountry "CAN"]

1. e4 c5 2. c3 d5 3. exd5 Qxd5 4. d4 e6 5. Nf3 cxd4 6. cxd4 Nf6 7. Bf4 g6 8. Nc3 Qd8 9. Bd3 Bg7 10. O-O O-O 11. a3 Nc6 12. Bb1 b6 13. Ba2 Bb7 14. Re1 Ne7 15. Ng5 Ned5 16. Nxe6 fxe6 17. Rxe6 Kh8 18. Rd6 Nxc3 19. bxc3 Qc8 20. Qc2 Ne4 21. Re6 Rxf4 22. g3 Rxf2 23. Qd3 Rxa2 24. Rxa2 Qxe6 25. Re2 Re8 26. Qf3 Qf5 27. Qg2 Qg5 28. h3 Nd6 29. Rxe8+ Nxe8 30. Qe2 Nd6 31. Qe1 Bh6 32. Qf2 Qe3 0-1

[Event "Quebec-ch U12"]
[Site "Montreal CAN"]
[Date "2001.03.10"]
[Round "3"]
[White "Mathieu, Jean-Philippe"]
[Black "Rodriguez, Aaron"]
[Result "0-1"]
[WhiteElo "1270"]
[BlackElo "1513"]
[PlyCount "96"]
[GameId "2160767911610272"]
[EventDate "2001.03.09"]
[EventType "tourn"]
[EventRounds "5"]
[EventCountry "CAN"]

1. e4 g6 2. Bc4 Bg7 3. Nc3 d6 4. Nf3 Nf6 5. d3 O-O 6. h3 Nbd7 7. Be3 c6 8. Rb1 b5 9. Bb3 a5 10. a3 a4 11. Ba2 e5 12. O-O h6 13. Qd2 Kh7 14. Nh2 Nh5 15. Ng4 g5 16. g3 Ndf6 17. Nxf6+ Qxf6 18. Kh2 Qg6 19. f3 Rg8 20. Rg1 Be6 21. Qe2 Bxa2 22. Nxa2 Qe6 23. Nb4 Rac8 24. Rbd1 f5 25. exf5 Qxf5 26. g4 Nf4 27. Bxf4 Qxf4+ 28. Rg3 Rge8 29. Qe4+ Kh8 30. c3 Re6 31. Re1 Rf6 32. Qxf4 Rxf4 33. Re4 Bf8 34. Rg2 Rxf3 35. Rg3 Rf7 36. Ree3 Bg7 37. Rgf3 Re7 38. Rf2 Kg8 39. d4 e4 40. d5 Be5+ 41. Kg2 Bf4 42. Nxc6 Rxc6 43. dxc6 Bxe3 44. Re2 Bb6 45. Kg3 d5 46. h4 Bc7+ 47. Kh3 Bf4 48. hxg5 hxg5 0-1

[Event "Quebec-ch U12"]
[Site "Montreal CAN"]
[Date "2001.03.10"]
[Round "3"]
[White "Ye, Ling Feng"]
[Black "Clyde, Ryan"]
[Result "1-0"]
[WhiteElo "1670"]
[BlackElo "1231"]
[PlyCount "135"]
[GameId "2160767911610273"]
[EventDate "2001.03.09"]
[EventType "tourn"]
[EventRounds "5"]
[EventCountry "CAN"]

1. e4 Nf6 2. e5 Ng8 3. d4 d6 4. Nf3 dxe5 5. Nxe5 Nd7 6. Nf3 e6 7. Be2 Be7 8. Bf4 Ngf6 9. O-O O-O 10. Nc3 b6 11. Nb5 Nd5 12. Bg3 a6 13. c4 axb5 14. cxd5 exd5 15. Bxb5 Ba6 16. Bxa6 Rxa6 17. Qb3 Nf6 18. Ne5 Bd6 19. Bh4 c5 20. Bxf6 c4 21. Bxd8 cxb3 22. Nc6 b5 23. Be7 Rc8 24. Bxd6 Rcxc6 25. Bc5 bxa2 26. b4 Re6 27. Rfc1 Re2 28. Kf1 Rb2 29. Re1 Re6 30. Rec1 Ra6 31. g3 Ra3 32. Bd6 h6 33. Bf4 Rxb4 34. Bd6 Rbb3 35. Bxa3 Rxa3 36. Rc2 b4 37. Raxa2 Rd3 38. Rab2 Rxd4 39. Rd2 Rxd2 40. Rxd2 b3 41. Rb2 d4 42. Rxb3 g6 43. Rd3 Kg7 44. Rxd4 Kf8 45. f4 Kg7 46. Kf2 Kf6 47. Kf3 Kg7 48. Kg4 Kf6 49. h4 Kg7 50. h5 Kf6 51. hxg6 fxg6 52. f5 gxf5+ 53. Kh5 Ke5 54. Rf4 Kf6 55. Kxh6 Ke6 56. Kg6 Ke5 57. Rxf5+ Kd6 58. Kf6 Kd7 59. g4 Kd6 60. g5 Kd7 61. g6 Kd6 62. g7 Kd7 63. g8=Q Kd6 64. Qe8 Kc7 65. Ke5 Kb7 66. Qb5+ Ka7 67. Rf1 Ka8 68. Ra1# 1-0

[Event "Quebec-ch U12"]
[Site "Montreal CAN"]
[Date "2001.03.11"]
[Round "4"]
[White "Clyde, Ryan"]
[Black "Parra, Victor"]
[Result "0-1"]
[WhiteElo "1231"]
[BlackElo "1302"]
[PlyCount "122"]
[GameId "2160767911610274"]
[EventDate "2001.03.09"]
[EventType "tourn"]
[EventRounds "5"]
[EventCountry "CAN"]

1. Nf3 c5 2. b3 d6 3. Bb2 Nf6 4. g3 g6 5. Bg2 Bg7 6. d3 O-O 7. O-O Nc6 8. Nbd2 Rb8 9. c4 b6 10. Bc3 Bb7 11. a3 a5 12. Rb1 d5 13. Ne5 Qc7 14. Nxc6 Bxc6 15. Nf3 d4 16. Bd2 Nd7 17. a4 Rfe8 18. Qc1 e5 19. Bh6 e4 20. Ne1 exd3 21. exd3 Bxg2 22. Kxg2 Qc6+ 23. Kg1 Re2 24. Bxg7 Kxg7 25. Rb2 Rxb2 26. Qxb2 Re8 27. Ng2 Ne5 28. Ne1 Nf3+ 29. Nxf3 Qxf3 30. Qd2 Qe2 31. Rd1 Qxd2 32. Rxd2 Re1+ 33. Kg2 Rb1 34. Kf3 Rxb3 35. Ke4 Ra3 36. Kd5 Rxa4 37. Rb2 Rb4 38. Rxb4 axb4 39. Kc6 b3 40. Kxb6 b2 41. Kxc5 b1=Q 42. Kxd4 Qb2+ 43. Ke3 Qe5+ 44. Kd2 Qd4 45. Ke2 f5 46. h4 h6 47. f3 Qg1 48. g4 fxg4 49. fxg4 Qxg4+ 50. Ke3 Qxh4 51. d4 Qd8 52. d5 Qb6+ 53. Kd3 Qc5 54. Kc3 h5 55. Kd3 h4 56. Kc3 h3 57. Kd3 h2 58. Kc3 h1=Q 59. Kd3 Qh3+ 60. Kc2 Qf2+ 61. Kc1 Qh1# 0-1

[Event "Quebec-ch U12"]
[Site "Montreal CAN"]
[Date "2001.03.11"]
[Round "4"]
[White "Rodriguez, Aaron"]
[Black "Lawson, Jonathan"]
[Result "0-1"]
[WhiteElo "1513"]
[BlackElo "1433"]
[PlyCount "68"]
[GameId "2160767911610275"]
[EventDate "2001.03.09"]
[EventType "tourn"]
[EventRounds "5"]
[EventCountry "CAN"]

1. e4 e5 2. Nf3 Nc6 3. Bb5 Bc5 4. O-O Nd4 5. Nxd4 Bxd4 6. c3 Bb6 7. d4 c6 8. Ba4 d6 9. Be3 Nf6 10. Nd2 O-O 11. h3 h6 12. Re1 Be6 13. Bb3 Bxb3 14. axb3 Re8 15. f4 exd4 16. Bxd4 Bxd4+ 17. cxd4 d5 18. e5 Nh7 19. Nf3 Nf8 20. Qd2 f6 21. f5 fxe5 22. Nxe5 Nd7 23. b4 Nf6 24. Re3 Ne4 25. Qd1 Qb6 26. Ra4 Rxe5 27. dxe5 Qxe3+ 28. Kh2 Qg3+ 29. Kg1 Nf2 30. Qh5 Qe3 31. Kh2 Qxe5+ 32. g3 Qxb2 33. h4 Ng4+ 34. Kh3 Qh2+ 0-1